Κατάλογος Βιβλιοθηκών Mediterranean College

Εισαγωγή στο Autocad Έκδοση 11 / Τρίτη Αμερικάνικη Έκδοση (Record no. 1401)

MARC details
000 -LEADER
fixed length control field 01925cam a22002054a 4500
005 - ΗΜΕΡΟΜΗΝΙΑ ΚΑΙ ΩΡΑ ΤΕΛΕΥΤΑΙΑΣ ΕΝΗΜΕΡΩΣΗΣ
Πεδίο ελέγχου 20250605164007.0
008 - FIXED-LENGTH DATA ELEMENTS--GENERAL INFORMATION
Πεδίο ελέγχου σταθερού μήκους 250528s ||||||||||||||||||||||||d
035 ## - SYSTEM CONTROL NUMBER
System control number 15851
020 ## - ISBN
ISBN 895887304
040 ## - ΠΗΓΗ ΚΑΤΑΛΟΓΟΓΡΑΦΗΣΗΣ
Φορέας πρωτότυπης καταλογογράφησης MC Athens Campus Library
Γλώσσα καταλογογράφησης Ελληνικά, Μοντέρνα (1453-)
Modifying agency MC Athens Campus Library
Κανόνες περιγραφικής καταλογογράφησης AACR2
245 1# - ΤΙΤΛΟΣ ΚΑΙ ΔΗΛΩΣΗ ΥΠΕΥΘΥΝΟΤΗΤΑΣ
Τίτλος Εισαγωγή στο Autocad Έκδοση 11 / Τρίτη Αμερικάνικη Έκδοση
250 ## - EDITION STATEMENT
Edition statement
260 ## - PUBLICATION, DISTRIBUTION, ETC.
Name of publisher, distributor, etc. Μ. Γκιούρδας,
Date of publication, distribution, etc. 1991
300 ## - PHYSICAL DESCRIPTION
Extent 394
520 ## - SUMMARY, ETC.
Summary, etc. Το βιβλίο αυτό είναι ένας διδακτικός οδηγός στην σχεδίαση μέσω υπολογιστή με την τελευταία έκδοση του AutoCAD - τόσο σε υπολογιστές IBM και συμβατούς, όσο και σε SUN ή άλλα ΘΝΙΧ συστήματα. Εισαγωγή ,Χρησιμοποιώντας τον Υπολογιστή στην Σχεδίαση, Δημιουργώντας ένα Πλαίσιο για το Σχέδιο σας, Προσθέντοντας ένα Σύμβολο Τίτλου στο Σχέδιο, Σχεδιάζοντας Γραμμές και Έναν Κύκλο, Επιλέγοντας Αντικείμενα που Έχετε Σχεδιάσει, Επεκτάσεις και Αποκοπές, Σχεδιάζοντας μια Τροχαλία, Σχεδιάζοντας τρεις Απόψεις ενός Αγκίστρου, Σχεδιάζοντας μια Φλάντζα, Διαστασιολογώντας το Άγκιστρο, Διαστασιολογώντας την Φλάντζα, Εισαγωγή στην Τρισδιάστατη Σχεδίαση, Διαχωρίζοντας το Μοντέλο από το Σχέδιο, Εγκατάσταση του AutoCAD, Οι Εντολές του AutoCAD, Ευρετήριο Ελληνικών και Αγγλικών Όρων.
700 1# - ΠΡΟΣΘΕΤΗ ΑΝΑΓΡΑΦΗ--ΦΥΣΙΚΟ ΠΡΟΣΩΠΟ
Personal name Miller Alan
9 (RLIN) 1867
942 ## - ADDED ENTRY ELEMENTS (KOHA)
Koha item type Books
Holdings
Τύπος τεκμηρίου Βιβλιοθήκη Τρέχουσα τοποθεσία Barcode Αριθμός εισαγωγής Ημερομηνία απόκτησης Ταξιθετικό σύμβολο Αριθμός αντιτύπου Κατάσταση απόσυρσης Κατάσταση χαμένου Κατάσταση κατεστραμμένου Μη δανεισμός Σύνολο δανεισμών Ημερομηνία τελευταίας εμφάνισης Η τιμή ισχύει από
Books MC Athens Campus Library MC Athens Campus Library 9780000014009 2459 05/06/2025 006.6 MIL 1           05/06/2025 05/06/2025

MC Athens Campus Library
Πατησίων 94 & Κοδριγκτώνος 13, 104 34
Πελλήνης 8 & Πατησίων 107, 112 51
Τ: +30 210 8899600

MC Thessaloniki Campus Library
Ίωνος Δραγούμη 21, 54625 | Ίωνος Δραγούμη 15, 54625
Τ: +30 2310 287779 – Τ: +30 2314 440300